000 01327nam a2200313 a 4500
001 000012903
003 DO-SdBNP
005 20180306084752.0
007 000012903
008 091118s2010 dr ac 000 0 spa d
020 _a9945400134
040 _aBPMSU
_bspa
_cBPMSU
092 _a373.61
_bxxxx
100 _aSánchez, Olimpia
245 0 0 _aLengua IV :
_bsegundo ciclo educación media /
_cOlimpia Sánchez, Juan Fco. Jáspez
260 _aSanto Domingo :
_bActualidad Escolar 2000,
_c2010
300 _a266p. :
_bil. ;
_c29 cm.
500 _aLa Biblioteca posee la Guía metodológica del segundo ciclo educación media
505 0 _gv. 4 : segundo ciclo
_tCiudadanos sin peatones
_tLas trampas de la economía
_tLos hombres y las matemáticas
_tEl oro y la paz
_tLos amansadores
_tEntre Lucas y Huan Mejía
_tDocumentos oficiales
_tSi alguien quiere saber cuál es mi patria
_tBolivar
_tLa fiesta del chivo
_tMadame Bovary
_tOtra manera de ser emigrante
650 _aGRAMÁTICA
_xENSEÑANZA SECUNDARIA
650 _aEDUCACIÓN SECUNDARIA
_xREPÚBLICA DOMINICANA
650 _aGRAMÁTICA
_xLIBROS DE TEXTO
650 _aGRAMÁTICA
651 _xESTUDIOS Y EJERCICIOS
700 1 2 _aJáspez, Juan Fco.
942 _2ddc
_cBK
945 _aremanejado para la BNPHU / 2018 VM
956 _aVMATEO
_b10
_c20150813
_lBPMSU
_h00151
999 _c9812
_d9812